000 01138nam a2200289Ia 4500
003 OSt
005 20221007123444.0
006 a|||||r|||| 00| 0
007 ta
008 221006b |||||||| |||| 00| 0 eng d
020 _a0471164356(V 2) (pbk)
_c
_ 154.95 (Set Price)
024 _a11338
037 _bUnilib,
_cTextual
040 _aPAPL
_cPAPL
_beng
041 _2eng
_aeng
082 _aCN26, L7.2;5
100 _aCohen-Tannoudji Claude
245 0 _aQuantum mechanics by Claude Cohen-Tannoudji
_b Diu Bernard Laloe Franck
260 _aNew
_bYork John Wiley Sons
_c1977
500 _aV 2:(xv, 902-1524p), Appendix (I-III, 1457-1497p), Bibliography (1499-1515p), Index (1517-1524p); ^n23/CSL/CARPA/2003-2004/980^d2003-11-10^mPurchase; ; 2003-04/658^b2004-01-15^c309^d2004-01-05^eRs.13,543.00^fUnilib Book Distributors; ; 2004-02-18^bSB^c2004-02-18^dVinay
650 _a Quantum mechanics
650 _aPhysics
700 _a Diu Bernard
700 _a Laloe Franck
942 _hCN26, L7.2;5
_cTEXL
_2CC
999 _c1211912
_d1211912